[Event "Olympiad Women-43"]
[Site "Batumi"]
[Date "2018.10.01"]
[Round "7.58"]
[White "Mututubanya, Portiah"]
[Black "Shipindo, Rauha"]
[Result "0-1"]
[WhiteElo "1505"]
[BlackElo "1518"]
[PlyCount "142"]
[EventDate "2018.09.24"]
[EventType "team-swiss"]
[EventRounds "11"]
[EventCountry "GEO"]
[SourceTitle "EXT 2020"]
[Source "ChessBase"]
[SourceDate "2019.10.17"]
[SourceVersion "1"]
[SourceVersionDate "2019.10.17"]
[SourceQuality "1"]
[WhiteTeam "Zambia (W)"]
[BlackTeam "Namibia (W)"]
[WhiteTeamCountry "ZAM"]
[BlackTeamCountry "NAM"]

1. e4 e5 2. Bc4 Nc6 3. Qf3 Qf6 4. c3 Bc5 5. b4 Bb6 6. a4 a5 7. b5 Nce7 8. d3 d6 9. Be3 Bxe3 10. fxe3 Be6 11. Qxf6 Nxf6 12. Bxe6 fxe6 13. h3 c6 14. Nf3 h6 15. Nbd2 0-0 16. Nc4 Rfd8 17. Nb6 Rab8 18. Ke2 Nc8 19. Nxc8 Rdxc8 20. Nd2 d5 21. exd5 exd5 22. c4 b6 23. Nf3 Nd7 24. Nh4 cxb5 25. Nf5 Kh7 26. Nd6 Rc6 27. Nxb5 dxc4 28. dxc4 Rxc4 29. Kd3 Rb4 30. Rhb1 Nc5+ 31. Ke2 Rxa4 32. Rxa4 Nxa4 33. Kd3 Kg6 34. Ke4 Re8 35. Rd1 Re6 36. Kd5 Kf6 37. Rf1+ Ke7 38. Rf5 e4 39. Re5 Rxe5+ 40. Kxe5 Nc5 41. Kd5 Kd7 42. h4 a4 43. g4 g6 44. Na3 Ne6 45. Kxe4 Kd6 46. h5 gxh5 47. gxh5 Ng7 48. Kd4 Nxh5 49. e4 Nf4 50. Nc4+ Kc6 51. e5 b5 52. Na3 Ne6+ 53. Ke4 b4 54. Nc2 b3 55. Na3 h5 56. Kf5 Kd5 57. Nb1 b2 58. Nc3+ Kd4 59. Nb1 Nc5 60. Na3 h4 61. Kg4 Kxe5 62. Kxh4 Kd4 63. Kg3 Kc3 64. Kf3 Kb3 65. Nb1 Ka2 66. Nc3+ Ka1 67. Ke3 b1Q 68. Nxb1 Kxb1 69. Kd4 Nb3+ 70. Kc4 Kb2 71. Kb4 a3 0-1

[Event "Olympiad Women-43"]
[Site "Batumi"]
[Date "2018.09.27"]
[Round "4.52"]
[White "Mututubanya, Portiah"]
[Black "Razafindrabiaza, Christine"]
[Result "0-1"]
[WhiteElo "1505"]
[BlackElo "1668"]
[PlyCount "86"]
[EventDate "2018.09.24"]
[EventType "team-swiss"]
[EventRounds "11"]
[EventCountry "GEO"]
[SourceTitle "EXT 2020"]
[Source "ChessBase"]
[SourceDate "2019.10.17"]
[SourceVersion "1"]
[SourceVersionDate "2019.10.17"]
[SourceQuality "1"]
[WhiteTeam "Zambia (W)"]
[BlackTeam "Madagascar (W)"]
[WhiteTeamCountry "ZAM"]
[BlackTeamCountry "MAD"]

1. e4 d6 2. Bc4 e6 3. Nc3 Nf6 4. d3 Be7 5. Nge2 Nc6 6. Bd2 Na5 7. Bb5+ c6 8. Ba4 b5 9. Bb3 Nxb3 10. axb3 e5 11. Be3 a6 12. 0-0 0-0 13. h3 Bb7 14. Ng3 d5 15. exd5 cxd5 16. Bg5 h6 17. Bxf6 Bxf6 18. Qg4 Bc8 19. Qf3 Be6 20. Nh5 Be7 21. Qg3 Bf6 22. Rfe1 Kh7 23. Nxf6+ gxf6 24. Qf3 Rg8 25. Kh2 Rg6 26. g3 Qd7 27. h4 Qd8 28. Na2 Bg4 29. Qg2 Be6 30. b4 d4 31. Qf1 Qd6 32. c3 dxc3 33. bxc3 f5 34. c4 f4 35. c5 Qc7 36. Nc3 fxg3+ 37. fxg3 f5 38. Nxb5 Qg7 39. Qf2 Rg8 40. Rxa6 f4 41. Rg1 fxg3+ 42. Rxg3 Rxg3 43. Rxe6 Rg2+ 0-1